1360 1110 1485 1123 1051 1596 1668 1845 1191 1557 1763 1744 1102 1178 1678 1640 1498 1103 1810 1069 1197 1052 1430 1786 1413 1828 1859 1962 1876 1471 1546 1592 1862 1026 1922 1532 1761 1985 1482 1812 1113 1071 1211 1932 1173 1641 1514 1763 1928 1047 1886 1970 1163 1837 1725 1541 1289 1810 1646 1589 1144 1538 1463 1035 1090 1240 1661 1621 1164 1471 1107 1728 1624 1899 1278 1089 1718 1082 1929 1571 1200 1994 1021 1687 1073 1075 1168 1578 1339 1063 1965 1041 1780 1862 1241 1726 1245 1303 1334 BCNSPRNW ULIB Ver.6.0+V

เปลี่ยนเป็นภาษาไทย

Change to English
 แสดงรายละเอียดบรรณานุกรม
  กลับหน้าหลัก

Brief Record : Get Marc (ISO 2709) : E-mail record : QR code < ปิดหน้าต่าง
LEADER : 00000nam 2200000uu 4500
001    13399115277
003     ULIB
008    120809s2555||||th 000 0 tha d
020    ^a9789746522489
060  4 ^aWS290^bบ436ก
100 0  บุญชู ศิริจงกลทอง
245 00 ^aกุมารเวชศาสตร์โรคหัวใจ /^cคณะบรรณาธิการ บุญชู ศิริจงกลทอง
250    ^aพิมพ์ครั้งที่ 1
260    ^aกรุงเทพฯ :^bไอกรุ๊ป เพรส,^c2555
300    ^axv, 662 หน้า :^bภาพประกอบ
650  7 ^aหัวใจ^xโรค^xในวัยทารกและเด็ก
650  7 ^aโรคหัวใจและหลอดเลือด^xในวัยทารกและเด็ก
650  7 ^aเด็ก^xโรคหัวใจ
710 1  ชมรมกุมารแพทย์โรคหัวใจแห่งประเทศไทย
945    ^p950^l0^i19192
945    ^p950^l0^i21337
945    ^p950^l0^i21338
995    ^aทศพร
999 ^a ใช้งานได้ทุกระบบ
รายการนี้ยังไม่มีแท็ก
คุณยังไม่ได้ล็อกอิน คุณสามารถมีกิจกรรมร่วมกับเว็บไซต์ได้ แต่ต้องล็อกอินก่อน ::
  ล็อกอิน

รายการสื่อสารสนเทศ

ลำดับที่ ประเภท เลขเรียก/บาร์โค้ด สถานที่ สถานะ
1. วิทยาศาสตร์การแพทย์ และสุขภาพ
วิทยาศาสตร์การแพทย์ และสุขภาพ
สถานะ=หนังสือเก่า
WS290 บ436ก ฉ.1 
  Barcode: 19192
ห้องสมุดวิทยาเขตนครสวรรค์
►ส่วนจัดเก็บหนังสือเก่า นว.
บนชั้น
  ขอยืม
2. วิทยาศาสตร์การแพทย์ และสุขภาพ
วิทยาศาสตร์การแพทย์ และสุขภาพ
สถานะ=หนังสือเก่า
WS290 บ436ก ฉ.2 
  Barcode: 21337
ห้องสมุดวิทยาเขตนครสวรรค์
►ส่วนจัดเก็บหนังสือเก่า นว.
บนชั้น
  ขอยืม
3. วิทยาศาสตร์การแพทย์ และสุขภาพ
วิทยาศาสตร์การแพทย์ และสุขภาพ
สถานะ=หนังสือเก่า
WS290 บ436ก ฉ.3 
  Barcode: 21338
ห้องสมุดวิทยาเขตนครสวรรค์
►ส่วนจัดเก็บหนังสือเก่า นว.
บนชั้น
  ขอยืม

รายการใกล้เคียง
    ผู้แต่ง [บุญชู ศิริจงกลทอง]

BibComment


ยังไม่เคยถูกคอมเมนท์

คอมเมนท์ทรัพยากรรายการนี้
  คอมเมนท์: กุมารเวชศาสตร์โร..


 Copyright 2026. Bcnsprnw @Library